000 00711nam a2200181 i 4500
001 81357
003 ES-MaACL
005 20230906174424.0
007 t|
008 041104s1940 po ||||1| por d
100 1 _aHoyos Sáinz, Luis de,
_d1868-1951
_964437
245 1 0 _aAntropodinámica española
_b: regiones productoras y consumidoras de hombres : comunicaçao appresentada a la 1ª secçao do Congresso Nacional de Ciencias da populaçao /
_cpelo Luis de Hoyos Sáinz.
260 _aPorto :
_b[s.n.,
_c1940] (
_fImp. Portuguesa)
300 _a71 p. ;
_c26 cm.
500 _aPrecede al tít.: Comemoraçoes portuguesas de 1940.
852 _aES-MaACL
_j1841-F-25
_bR.19968
999 _c81357
_d81357